00505nam a2200193 a 4500001001300000003000900013005001700022008004100039020001200080082001800092100002800110245002700138260004100165300000900206500003500215505001000250650002300260700002800283nice12345678IN_TiNIC20260116013909.0050524s1994 oxfa grp 000 0 eng  ac399.600a297.1227bWAT aWatt, Willia Montgomery aCompanion to the Quran aOxfordbOne World Publicationsc1994 a355p aincludes index and biblioraphy2 aIndex aQuran-Hermeneutics1 aWatt, Willia Montgomery